| 000 | 01297cam a2200337 a 4500 | ||
|---|---|---|---|
| 001 | 4965511 | ||
| 003 | ARRUPE | ||
| 005 | 20151030105316.0 | ||
| 008 | 980225s1997 nyu b 001 0 eng | ||
| 010 | _a 97061452 | ||
| 020 | _a0965833917 | ||
| 040 |
_aDLC _cDLC _dDLC |
||
| 043 | _an-us--- | ||
| 050 | 0 | 0 |
_aLB2805 _b.H26 1997 |
| 082 | 0 | 0 |
_a371.2/00973 _221 |
| 100 | 1 |
_aHaller, Emil J. _920800 |
|
| 245 | 1 | 3 |
_aAn introduction to educational administration : _bsocial, legal, and ethical perspectives / _cEmil J. Haller, Kenneth A. Strike. |
| 260 |
_aTroy, NY : _bEducator's International Press, _cc1997. |
||
| 300 |
_axiii, 347 p. ; _c23 cm. |
||
| 490 | 1 | _aClassics in education | |
| 504 | _aIncludes bibliographical references (p. 331-342) and index. | ||
| 650 | 0 |
_aSchool management and organization _zUnited States. _920801 |
|
| 650 | 0 |
_aAcademic freedom _zUnited States. _920802 |
|
| 650 | 0 |
_aEducation and state _zUnited States. _920803 |
|
| 650 | 0 |
_aSchool management and organization _xLaw and legislation _zUnited States. _920804 |
|
| 700 | 1 |
_aStrike, Kenneth A. _920805 |
|
| 830 | 0 |
_aClassics in education (Troy, N.Y.) _910445 |
|
| 906 |
_a7 _bcbc _corignew _d3 _eopcn _f19 _gy-gencatlg |
||
| 942 |
_2lcc _cMONOGRAPH |
||
| 999 |
_c123701 _d123701 |
||